Stroitel´noje čerčenije i risovanije /

Uložené v:
Podrobná bibliografia
Hlavný autor: Korojev, Jurij Il´jič (Author)
Médium: Kniha
Jazyk:Russian
Vydané: Moskva : Vysšaja škola, 1983.
Vydanie:1. izd.
ISBN: (brož.)
Fyzický popis: 287 s.
Tagy: Pridať tag
Žiadne tagy, Buďte prvý kto otaguje tento záznam!

MARC

LEADER 00000nam a2200000 a 4500
001 000545430
005 20170612185227.0
008 061213s1983 ru e rus d
020 |a (brož.)  |c Kčs 14,00 
040 |a SVKKK  |b slo  |c SVKKK  |e AACR2 
041 0 |a rus 
044 |a ru  |c RU 
100 1 |a Korojev, Jurij Il´jič  |4 aut 
245 1 0 |a Stroitel´noje čerčenije i risovanije /  |c Jurij Il´jič Korojev. 
250 |a 1. izd. 
260 |a Moskva :  |b Vysšaja škola,  |c 1983. 
300 |a 287 s. 
910 |a svkkk 
998 |a BK 
090 |g SCKHL  |k Sklad Pribinova 1. posch.  |a IV.126318  |j 701421  |i 545430-10  |s Absenčne